000 00728nam a22001937a 4500
005 20251108172932.0
008 250721s2004 xx 000 0 ara d
082 1 4 _aم/216/حضر
100 1 _aالحضرمي، سالم بن عبد الرحمن باصهي الشبامي
245 1 0 _aتحفة الأخوان شرح فتح الرحمن /
264 1 _aعمان :
_bدار الفتح للطباعة و النشر والتوزيع،
_c2004.
300 _a427ص
490 0 _aسلسلة مؤلفات الشيخ سالم بن عبد الرحمن باصهي
_v1
650 1 7 _aالفقه الإسلامي
650 1 7 _aالقرآن الكريم
650 1 7 _aالسنة النبوية
942 _2ddc
_cREF
999 _c92218
_d92218